000 00503nam a22001817a 4500
005 20251210150805.0
008 251210b |||||||| |||| 00| 0 eng d
020 _a978-81`-7371-694-2
050 _aRM. 300 .K38 2011
_b1
100 _aKaushik, Mrinal
245 _aPharmacolog:y:Basics And Clinical Aspects
260 _aIndia
_bUniveristy Press India
_c2011
300 _a1-744p.
500 _ait has Bibliographic data
650 _aPharmacology
700 _aKaushik Mrinal
942 _2lcc
_cBK
999 _c216348
_d216348